000 00450nam a2200145Ia 4500
008 231129s2002||||xx |||||||||||||| ||spa||
020 _a958-8188-00-8
040 _bspa
082 _aR 577 C822a
100 _aCorporación Autónoma Regional de Cundinamarca Unidos para Construir Territorio
245 0 _aAtlas Ambiental CAR 2001(material cartográfico)
260 _c2002
264 _aCAR
942 _2ddc
_cBKS
999 _c5769
_d5769